header

A study of the macroeconomic effects of China's fiscal deficits (Record no. 54795)

MARC details
000 -LEADER
fixed length control field 01337nam a2200337Ia 4500
082 04 - DEWEY DECIMAL CLASSIFICATION NUMBER
Classification number 339.5230951
100 1# - MAIN ENTRY--AUTHOR NAME
Personal name Xu, Xiongqi,
245 12 - TITLE STATEMENT
Title A study of the macroeconomic effects of China's fiscal deficits
260 ## - PUBLICATION, DISTRIBUTION, ETC. (IMPRINT)
Place of publication Hong Kong :
Name of publisher Enrich ;
Place of publication Lancaster :
Name of publisher Gazelle [distributor],
Year of publication 2010.
300 ## - PHYSICAL DESCRIPTION
Number of Pages xiii, 221 p. :
Other physical details ill.
650 #0 - SUBJECT ADDED ENTRY--TOPICAL TERM
Topical Term Budget deficits
Topical Term Deficit financing
Topical Term Fiscal policy
700 1# - ADDED ENTRY--PERSONAL NAME
Personal name Xie, Fei.
856 40 - ELECTRONIC LOCATION AND ACCESS
Uniform Resource Identifier http://site.ebrary.com/lib/rucke/Doc?id=10616915

No items available.

© 2026 Rongo University
Contact us: librarian | system librarian | Rongo university